000 01583cam a22004217a 4500
001 000091824
003 CHAP
005 20220329142824.0
008 040521s2004 mx r 000 0 spa d
010 _a88291
011 _a89263
035 _a99814
040 _cCHAP
090 _aTesis
100 0 0 _aRodríguez Contreras, María Elsa.
_998412
245 1 0 _aGenética de la resistencia a roya de la hoja (Puccinia triticina E.) en trigos duros (Triticum turgidum var. durum L.) /
_c/por María Elsa Rodríguez Contreras.
260 _aChapingo, Méx. :
_bEl autor,
_c2004.
300 _a61 h.
502 _aTesis (M.C. en Protección Vegetal) -- UACH. Departamento de Parasitología Agrícola
530 _aTambién disponible en línea
590 _aALEPH
_b10
_c20130110
_lUCH01
_h1457
590 _aBATCH-UPD
_b10
_c20130110
_lUCH01
_h1427
590 _aBATCH-UPD
_b10
_c20130410
_lUCH01
_h0906
590 _aBATCH-UPD
_b10
_c20130914
_lUCH01
_h1947
590 _aBATCH-UPD
_b10
_c20140324
_lUCH01
_h1443
590 _aBATCH-UPD
_b10
_c20141002
_lUCH01
_h0821
590 _aCONVERSION
_b10
_c20130109
_lUCH01
_h1349
590 _aE11695DGD
_b10
_c20160330
_lUCH01
_h1415
650 1 4 _aPuccinia triticina.
_992832
650 1 4 _aTrigo
_xVariedades resistentes a enfermedades.
_9115120
856 _3Finding aid
_uhttp://10.13.5.2/tesis/99814.pdf
_zTeclea aqui
901 _aBK
905 _aAlejandra Carrasco M.
942 _cFOLL
942 _n0
949 _aTesis
_bBC
_cTES
_d33724000922084
_eTS2
_fc.2
_h41795
_i99814
_sb
949 _aTesis
_bBC
_cTES
_d998141
_eTS1
_h41794
_i99814
_sb
999 _c88291
_d88291